| 000 | 00352nam a22001337a 4500 | ||
|---|---|---|---|
| 008 | 260429b |||||||| |||| 00| 0 eng d | ||
| 020 | _a978-9371360128 | ||
| 082 | _a002052 | ||
| 100 | _a Madaan,KVS | ||
| 245 | _aUGC NET Paper 1 Teaching & Research Aptitude 10th ed | ||
| 260 |
_aNew Delhi _bPearson Publications _c2026 |
||
| 300 | _a688p | ||
| 942 | _2ddc | ||
| 999 |
_c1345 _d1345 |
||